| 000 | 00908nam a22002537a 4500 | ||
|---|---|---|---|
| 005 | 20170123164143.0 | ||
| 010 | _aB-109587 | ||
| 020 | _c120.00 | ||
| 035 | _aB-109587 | ||
| 037 | _bCen Lib / Ret | ||
| 040 |
_aDPL _bPN |
||
| 082 |
_aਓ _bਧੀਰਦ |
||
| 100 |
_aਧੀਰ, ਦਰਸ਼ਨ ਸਿੰਘ _92170 |
||
| 245 |
_aਅਜਨਬੀ ਚਿਰਹੇ / _cਦਰਸ਼ਨ ਸਿੰਘ ਧੀਰ |
||
| 246 |
_aAjnabi chehrey / _bby Darshan SIngh Dhir |
||
| 260 |
_aਚੰਡੀਗਡ _bਲੋਕਗੀਤ ਪ੍ਰਕਾਸ਼ਨ _c2003 |
||
| 270 |
_aSCO 26-27, Top Floor Sector 34A, _bChandigarh _e375710 |
||
| 300 |
_a320p. _c21cm(Hb) |
||
| 650 |
_aਸਾਹਿਤ -- ਪੰਜਾਬੀ _9119843 |
||
| 650 |
_aਪੰਜਾਬੀ -- ਨਾਵਲ _9119844 |
||
| 650 |
_aLiterature -- Punjabi _9114104 |
||
| 650 |
_aPunjabi -- Novel _96285 |
||
| 942 |
_2ddc _cPN _hਉ _mਧੀਰਦ |
||
| 999 |
_c109834 _d109834 |
||